000 00850nam a2200289 a 4500
001 vtls000082544
003 NLI
005 20210601194445.0
008 101125s1972 ii 000 0 eng
020 _cRs. 2.50 (pbk)
039 9 _y201011250901
_zVLOAD
040 0 _aNLI
_beng
_cEntertech-2003
_eAACR2
041 0 _aeng
044 _aii
082 0 4 _a181.48
100 1 _aDandekar, R. N.
_9166048
245 1 0 _aUniverse in Hindu thought /
_cR. N. Dandekar
260 _aBangalore :
_bDepartment of Publication and Extension Lectures, Bangalore University,
_c1972
300 _aiv, 41 p. ;
_c22 cm.
650 0 _aHindu cosmology
_9187517
650 0 _aPhilosophy, Hindu
887 _a
901 _aDB30081
_b15.07.1976
902 _aE181.48 D196un
949 _AVIRTUAITEM
_D10000
_X100
_6DBA000030081ENG
942 _2ddc
_cBKS
999 _aVIRTUA00
_c85636
_d85636